Largest Cities in the World in 1825 - Statistics

General Stats
  • This quiz has been taken 64 times
  • The average score is 16 of 20
Answer Stats
Modern-Day Country Population City % Correct
United Kingdom 1.2 mil London
100%
China 1.2 mil Beijing
98%
France 801k Paris
96%
Japan 724k Tokyo
96%
Egypt 240k Cairo
95%
Turkey 642k Istanbul
95%
Russia 401k St. Petersburg
95%
Germany 213k Berlin
93%
Russia 260k Moscow
93%
Portugal 254k Lisbon
91%
Italy 363k Naples
91%
Austria 278k Vienna
91%
China 883k Guangzhou
89%
Japan 355k Osaka
89%
Japan 354k Kyoto
82%
China 253k Xian
67%
China 406k Hangzhou
51%
China 289k Suzhou
27%
India 243k Vijayanagar
15%
India 298k Lucknow
13%
No matching quizzes found
Score Distribution
Percent of People with Each Score
Percentile by Number Answered
Your Score History
You have not taken this quiz